000 00965nam a22002417a 4500
003 NALT
005 20260113140428.0
008 th tha d
020 _a9786162870798
040 _aNALT
041 _atha
050 _aHF 5386
_bร167ค
100 0 _aรวิศ หาญอุตสาหะ
_921053
245 1 0 _aคิดจะไปดวงจันทร์อย่าหยุดแค่ปากซอย /
_cรวิศ หาญอุตสาหะ.
260 _aกรุงเทพฯ :
_bวีเลิร์น,
_cม.ป.ป..
300 _a317 หน้า :
_bภาพประกอบ ;
_c21 ซม.
650 4 _aความสำเร็จทางธุรกิจ
_96209
850 _aNALT
856 4 0 _uhttps://hdl.handle.net/20.500.14156/521408
942 _cGB
_2lcc
996 _asaiphon.d
_bCATSTF
_c2023-07-19
999 _c72320
_d72320
998 _j111
_k นางสาวพจพิณ พรมเอี่ยม